000 00419nam a22001697a 4500
003 OSt
005 20240104111136.0
008 181103b xxu||||| |||| 00| 0 eng d
020 _a9789339204761
040 _cIIMT UNIVERSITY
100 _aMETHA P.K
245 _aCONCRETE MICROSTRUCTURE PROPERTIES AND MATERIAL
250 _a4 TH
260 _aT.M.H
_bBANSAL BOOK DIS
_c02/11/18
300 _a675
942 _2ddc
_c02
999 _c44560
_d44560